| 000 | 00503nam a2200229Ia 4500 | ||
|---|---|---|---|
| 003 | IT-RoPAU | ||
| 008 | 120407s9999 xx 000 0 und d | ||
| 040 | _aIT-RoPAU | ||
| 040 | _cIT-RoPAU | ||
| 041 | _aita | ||
| 100 | _aWolfhart Pannemberg | ||
| 245 | _aEpistemologia e teologia | ||
| 250 | _aBrescia | ||
| 260 | _aQueriniana | ||
| 260 | _c1975 | ||
| 300 | _a433 p. | ||
| 300 | _c23 cm | ||
| 490 | _aBiblioteca di Teologia contemporanea | ||
| 490 | _v21 | ||
| 942 | _cBK | ||
| 999 |
_c34554 _d34554 |
||